| 000 | 00911nam a2200253Ia 4500 | ||
|---|---|---|---|
| 003 | OSt | ||
| 005 | 20221005112442.0 | ||
| 006 | a|||||r|||| 00| 0 | ||
| 007 | ta | ||
| 008 | 221004b |||||||| |||| 00| 0 pan d | ||
| 020 |
_a9789382837350 (hbk) _cINR 150.00 |
||
| 024 | _a39107 | ||
| 037 |
_b234, 17/03/2018, National Book Shop _cTextual |
||
| 040 |
_aCRL _cCRL _bpan |
||
| 041 |
_2pan _apan |
||
| 082 | _aY73(P153):351, 153Q8 | ||
| 100 | _aਮਾਦਪੁਰੀ, ਸੁਖਦੇਵ, ਂਚ. | ||
| 245 | 0 | _aਇFਕ ਸਿਰਾਂ ਦੀ ਬਾਗ਼ੀ | |
| 260 |
_aਚੰਡੀਗੜ _bਲੋਕਗੀਤ ਪ੍ਰਕਾFਨ ਭਾਰਤ _c2018 |
||
| 300 |
_a98ਪ0 _ccm. |
||
| 650 | _aਸਭਿਆਚਾਰ | ||
| 942 |
_hY73(P153):351, 153Q8 _cTEXL _2cc |
||
| 999 |
_c1024945 _d1024945 |
||